000 00376nam a22001457a 4500
020 _a978-1-4075-8162-0
082 _a823
_bBEE/H
100 _aBETH BEECHWOOD
245 _aWIZARDS OF WAVERLY PLACE
_bHAYWIRE
260 _aUNITED KINGDOM
_bPARRAGON
_c2009
300 _a119
520 _aWILL ALEX'S DATE BE MEMORABLE OR A MAJOR DISASTER?
650 _aSWEET REVENGE
942 _cBK
999 _c461
_d461